Professional ethics fundamental part /
| Main Author: | |
|---|---|
| Corporate Author: | |
| Other Authors: | |
| Format: | Electronic eBook |
| Language: | English Latin Spanish |
| Published: |
Guadalajara, Jalisco :
Instituto Tecnologico y de Estudios Superiores de Occidente,
2010.
|
| Edition: | 4th ed. |
| Subjects: | |
| Online Access: | Click to View |
| LEADER | 01345nam a2200349 a 4500 | ||
|---|---|---|---|
| 001 | EBC3317707 | ||
| 003 | MiAaPQ | ||
| 005 | 20200520144314.0 | ||
| 006 | m o d | | ||
| 007 | cr cn||||||||| | ||
| 008 | 101120s2010 mx sb 000 0 eng d | ||
| 020 | |z 9789686101928 | ||
| 020 | |a 9786077808299 (electronic bk.) | ||
| 035 | |a (MiAaPQ)EBC3317707 | ||
| 035 | |a (Au-PeEL)EBL3317707 | ||
| 035 | |a (CaPaEBR)ebr10379974 | ||
| 035 | |a (OCoLC)923188874 | ||
| 040 | |a MiAaPQ |c MiAaPQ |d MiAaPQ | ||
| 041 | 1 | |a eng |a lat |a spa |h spa | |
| 050 | 4 | |a BJ1725 |b .G37 2010 | |
| 100 | 1 | |a Garcia de Alba, Juan Manuel. | |
| 245 | 1 | 0 | |a Professional ethics |h [electronic resource] : |b fundamental part / |c Juan Manuel Garcia de Alba ; translated from the Spanish by William Quinn. |
| 250 | |a 4th ed. | ||
| 260 | |a Guadalajara, Jalisco : |b Instituto Tecnologico y de Estudios Superiores de Occidente, |c 2010. | ||
| 300 | |a 282 p. | ||
| 504 | |a Includes bibliographical references. | ||
| 533 | |a Electronic reproduction. Ann Arbor, MI : ProQuest, 2015. Available via World Wide Web. Access may be limited to ProQuest affiliated libraries. | ||
| 650 | 0 | |a Professional ethics. | |
| 655 | 4 | |a Electronic books. | |
| 700 | 1 | |a Quinn, William. | |
| 710 | 2 | |a ProQuest (Firm) | |
| 856 | 4 | 0 | |u https://ebookcentral.proquest.com/lib/matrademy/detail.action?docID=3317707 |z Click to View |


